[Event "GER-ch (Women) op"]
[Site "Augsburg"]
[Date "2024.03.08"]
[Round "4"]
[White "Daulyte Cornette, Deimante"]
[Black "Buchholz, Maja Patricia"]
[Result "1/2-1/2"]
[WhiteElo "2375"]
[BlackElo "1948"]
[PlyCount "102"]
[EventDate "2024.03.06"]
[EventType "swiss"]
[EventRounds "9"]
[EventCountry "GER"]
[SourceTitle "CB12_2024"]
[SourceDate "2023.10.01"]
[SourceVersion "1"]
[SourceVersionDate "2023.10.01"]
[SourceQuality "1"]

1. e4 e6 2. d4 d5 3. e5 c5 4. c3 Nc6 5. Nf3 Qb6 6. Be2 cxd4 7. cxd4 Nh6 8. Bxh6 Qxb2 9. Nbd2 gxh6 10. 0-0 Bd7 11. Rb1 Qxa2 12. Rxb7 Rb8 13. Rxb8+ Nxb8 14. Qb1 Qxb1 15. Rxb1 Nc6 16. Rb7 Be7 17. Nb3 Bd8 18. Bb5 a6 19. Ba4 Nb8 20. Bxd7+ Nxd7 21. Nc5 Nb6 22. Nxa6 0-0 23. Nc5 Nc4 24. Nd7 Re8 25. Rb8 Kg7 26. h4 Rg8 27. Nf6 Rf8 28. g4 Bxf6 29. exf6+ Kg8 30. Rb3 Nd6 31. Ne5 Ne4 32. Nd7 Rd8 33. h5 Nd6 34. Ne5 Ne4 35. Rb7 Rf8 36. Nd7 Rd8 37. f3 Nd6 38. Rb6 Ne8 39. Rb7 Nd6 40. Rb3 Ne8 41. Ne5 Nxf6 42. Rb7 Rf8 43. Re7 Kg7 44. Kg2 Ne8 45. Kf2 Nd6 46. Rd7 Nb5 47. Ke3 Kg8 48. Rb7 Nd6 49. Rd7 Nb5 50. Rb7 Nd6 51. Rd7 Nb5 1/2-1/2

[Event "GER-ch (Women) op"]
[Site "Augsburg"]
[Date "2024.03.08"]
[Round "5"]
[White "Krasenkova, Ilena"]
[Black "Daulyte Cornette, Deimante"]
[Result "0-1"]
[WhiteElo "2076"]
[BlackElo "2375"]
[PlyCount "126"]
[EventDate "2024.03.06"]
[EventType "swiss"]
[EventRounds "9"]
[EventCountry "GER"]
[SourceTitle "CB12_2024"]
[SourceDate "2023.10.01"]
[SourceVersion "1"]
[SourceVersionDate "2023.10.01"]
[SourceQuality "1"]

1. d4 Nf6 2. c4 e6 3. g3 c5 4. Nf3 cxd4 5. Nxd4 d5 6. Bg2 e5 7. Nf3 e4 8. Nd4 dxc4 9. Qa4+ Bd7 10. Qxc4 Na6 11. Nc3 Rc8 12. Qb3 Nc5 13. Qd1 Be7 14. 0-0 0-0 15. b4 Na6 16. Nxe4 Nxb4 17. e3 b6 18. Bb2 Qe8 19. Nc3 Bg4 20. Qd2 Qd7 21. a3 Nc6 22. Bxc6 Rxc6 23. f3 Bh3 24. Rfd1 Rcc8 25. Qe2 Rfe8 26. Ndb5 Qf5 27. Nd6 Bxd6 28. Rxd6 Qc5 29. Rxf6 Rxe3 30. Qf2 Rxc3 31. Qxc5 R3xc5 32. Rd6 Rc2 33. Rad1 Rg2+ 34. Kh1 Kf8 35. R6d2 Rc2 36. Rxc2 Rxc2 37. Be5 f6 38. Bd6+ Kf7 39. Kg1 h5 40. Bb4 a5 41. Bd6 Rg2+ 42. Kh1 Rf2 43. f4 Rb2 44. Kg1 b5 45. Bc5 b4 46. axb4 axb4 47. Bd4 Rg2+ 48. Kh1 b3 49. Rb1 Rd2 50. Be3 Rd3 51. Bb6 Bf5 52. Rb2 Rd1+ 53. Kg2 Bc2 54. h4 Rd2+ 55. Kg1 Ke6 56. Ba5 Rd3 57. Kf2 Kd5 58. Be1 Kc4 59. Ke2 Rd7 60. Bd2 Re7+ 61. Kf2 Kd3 62. Bb4 Ra7 63. Bf8 Kc3 0-1

[Event "GER-ch (Women) op"]
[Site "Augsburg"]
[Date "2024.03.06"]
[Round "1"]
[White "Daulyte Cornette, Deimante"]
[Black "Stangl, Anita"]
[Result "1/2-1/2"]
[WhiteElo "2375"]
[BlackElo "2070"]
[PlyCount "131"]
[EventDate "2024.03.06"]
[EventType "swiss"]
[EventRounds "9"]
[EventCountry "GER"]
[SourceTitle "CB12_2024"]
[SourceDate "2023.10.01"]
[SourceVersion "1"]
[SourceVersionDate "2023.10.01"]
[SourceQuality "1"]

1. e4 e6 2. d4 d5 3. e5 c5 4. c3 Nc6 5. Nf3 Qb6 6. Be2 cxd4 7. cxd4 Nge7 8. Na3 Bd7 9. 0-0 Nf5 10. Nc2 Be7 11. Bd3 g6 12. g4 Ng7 13. Bh6 Rg8 14. b4 f6 15. exf6 Bxf6 16. b5 Nd8 17. Ne5 Nf7 18. Nxf7 Kxf7 19. Qf3 Ke7 20. Bc1 Bxd4 21. Nxd4 Qxd4 22. Ba3+ Kd8 23. h3 Ne8 24. Rac1 Qf6 25. Qg3 Rc8 26. Rxc8+ Bxc8 27. Qb8 Rg7 28. Qxa7 Qf3 29. Qe3 Rf7 30. Bc5 Qxe3 31. Bxe3 e5 32. Rc1 Be6 33. a4 d4 34. Bg5+ Kd7 35. b6 Kd6 36. Bd2 Bd5 37. Bb5 Nf6 38. a5 e4 39. a6 bxa6 40. Bxa6 Nd7 41. Bb4+ Ke5 42. Ba5 Rf6 43. Rb1 Nc5 44. Bc8 Nb7 45. Bd2 Rf8 46. Rc1 Rf6 47. Rb1 Rf8 48. Bd7 Rf3 49. Bh6 Rxh3 50. g5 Rb3 51. Rxb3 Bxb3 52. Bg7+ Kd6 53. Bc8 d3 54. Bc3 Kc6 55. Bxb7+ Kxb7 56. Ba5 Bd5 57. Kf1 Ka6 58. Bc3 Kxb6 59. Ke1 Kc5 60. Kd2 Be6 61. Ke3 Kd5 62. Bf6 Bg4 63. Bc3 Bf3 64. Kd2 Ke6 65. Bd4 Kf5 66. Be3 1/2-1/2

[Event "Graz Moser Memorial (Women)"]
[Site "Graz"]
[Date "2024.03.02"]
[Round "8"]
[White "Daulyte Cornette, Deimante"]
[Black "Bodnaruk, Anastasia"]
[Result "1/2-1/2"]
[WhiteElo "2372"]
[BlackElo "2340"]
[PlyCount "62"]
[EventDate "2024.02.25"]
[EventType "tourn"]
[EventRounds "9"]
[EventCountry "AUT"]
[SourceTitle "CB10_2024"]
[SourceDate "2024.03.06"]
[SourceVersion "1"]
[SourceVersionDate "2024.03.06"]
[SourceQuality "1"]

1. e4 c5 2. Nf3 d6 3. d4 cxd4 4. Nxd4 Nf6 5. Nc3 a6 6. Bg5 e6 7. Qf3 Be7 8. 0-0-0 Nbd7 9. g4 h6 10. Bd2 Qc7 11. h4 Ne5 12. Qg2 Nexg4 13. f3 Ne5 14. h5 Kf8 15. f4 Nc4 16. Bxc4 Qxc4 17. Be3 Bd7 18. e5 Nd5 19. Nf5 exf5 20. Nxd5 Bc6 21. Rhg1 Rg8 22. b3 Bxd5 23. Rxd5 Qc6 24. exd6 Bxd6 25. Rxd6 Qxd6 26. Qxb7 Re8 27. Qa7 Re7 28. Qa8+ Re8 29. Qa7 Re7 30. Qa8+ Re8 31. Qa7 Re7 1/2-1/2

[Event "EU-ch Rapid (Women)"]
[Site "Monaco"]
[Date "2024.01.14"]
[Round "10"]
[White "Daulyte Cornette, Deimante"]
[Black "Calzetta Ruiz, Monica"]
[Result "1-0"]
[WhiteElo "2372"]
[BlackElo "2241"]
[PlyCount "55"]
[EventDate "2024.01.13"]
[EventType "swiss (rapid)"]
[EventRounds "11"]
[EventCountry "MNC"]
[SourceTitle "CB03_2024"]
[SourceDate "2024.01.17"]
[SourceVersion "1"]
[SourceVersionDate "2024.01.17"]
[SourceQuality "1"]

1. e4 c5 2. Nf3 g6 3. d4 cxd4 4. Nxd4 Nc6 5. c4 Nf6 6. Nc3 d6 7. Be2 Nxd4 8. Qxd4 Bg7 9. Bg5 0-0 10. Qd2 a5 11. 0-0 a4 12. Rad1 Qa5 13. Bxf6 exf6 14. Qxd6 f5 15. Rd5 Bxc3 16. Rxa5 Bxa5 17. Bf3 Ra6 18. Qe5 Bd8 19. exf5 Bf6 20. Qb5 Bxf5 21. Bxb7 Rd6 22. Bd5 Bd4 23. Qxa4 Rf6 24. b4 Bd3 25. Qd1 Bxf1 26. Qxd4 Ra6 27. Kxf1 Rxa2 28. g3 1-0

[Event "EU-ch Rapid (Women)"]
[Site "Monaco"]
[Date "2024.01.14"]
[Round "7"]
[White "Khurtsilava, Inga"]
[Black "Daulyte Cornette, Deimante"]
[Result "0-1"]
[WhiteElo "2186"]
[BlackElo "2372"]
[PlyCount "128"]
[EventDate "2024.01.13"]
[EventType "swiss (rapid)"]
[EventRounds "11"]
[EventCountry "MNC"]
[SourceTitle "CB03_2024"]
[SourceDate "2024.01.17"]
[SourceVersion "1"]
[SourceVersionDate "2024.01.17"]
[SourceQuality "1"]

1. d4 Nf6 2. Nf3 b6 3. e3 Bb7 4. Bd3 g6 5. Nbd2 Bg7 6. b3 0-0 7. Bb2 c5 8. Qe2 d6 9. Rd1 Nbd7 10. 0-0 Qc7 11. c4 e5 12. d5 b5 13. e4 b4 14. Nh4 a5 15. g4 a4 16. Bb1 axb3 17. axb3 Bc8 18. f3 Qd8 19. Ng2 Re8 20. Rf2 Nf8 21. Nf1 h5 22. g5 N6h7 23. h4 f6 24. gxf6 Bxf6 25. Bc1 Bxh4 26. Nxh4 Qxh4 27. Rh2 Qf6 28. Qg2 Kh8 29. Kh1 Re7 30. Ng3 Rf7 31. Rf1 h4 32. Ne2 g5 33. f4 h3 34. Qg1 gxf4 35. Nxf4 Rg7 36. Qf2 Ra1 37. Bb2 Raa7 38. Nxh3 Qxf2 39. Rfxf2 Rg3 40. Ng5 Kg8 41. Nxh7 Nxh7 42. Rhg2 Rxg2 43. Rxg2+ Kf7 44. Rf2+ Kg6 45. Rg2+ Kh5 46. Rh2+ Kg4 47. Bc2 Kf3 48. Bd1+ Ke3 49. Bc1+ Kxe4 50. Bc2+ Kf3 51. Bd1+ Kg3 52. Rg2+ Kh4 53. Rh2+ Bh3 54. Bd2 Ra1 55. Be1+ Kg5 56. Rxh3 Rxd1 57. Rxh7 Rxe1+ 58. Kg2 Re3 59. Rd7 Rxb3 60. Rxd6 Rc3 61. Rd8 Rxc4 62. d6 Kf6 63. Kf3 Ke6 64. Ke3 Rd4 0-1

[Event "EU-ch Rapid (Women)"]
[Site "Monaco"]
[Date "2024.01.13"]
[Round "3"]
[White "Iasman, Inna"]
[Black "Daulyte Cornette, Deimante"]
[Result "0-1"]
[WhiteElo "1889"]
[BlackElo "2372"]
[PlyCount "119"]
[EventDate "2024.01.13"]
[EventType "swiss (rapid)"]
[EventRounds "11"]
[EventCountry "MNC"]
[SourceTitle "CB03_2024"]
[SourceDate "2024.01.17"]
[SourceVersion "1"]
[SourceVersionDate "2024.01.17"]
[SourceQuality "1"]

1. d4 Nf6 2. c4 b6 3. g3 Bb7 4. Nf3 g6 5. Bg2 Bg7 6. 0-0 0-0 7. Nc3 Ne4 8. Qd3 Nxc3 9. bxc3 Nc6 10. Nd2 e5 11. e3 Re8 12. Ba3 Na5 13. Bxb7 Nxb7 14. e4 exd4 15. cxd4 c5 16. Bb2 cxd4 17. Bxd4 Nc5 18. Qc3 Bxd4 19. Qxd4 Rc8 20. e5 Qc7 21. f4 Ne6 22. Qd5 Qc5+ 23. Qxc5 Nxc5 24. Rfd1 d6 25. exd6 Rcd8 26. Nb3 Ne4 27. c5 bxc5 28. Rac1 Nxd6 29. Nxc5 Nf5 30. Nd7 Kg7 31. Ne5 Rxd1+ 32. Rxd1 Rc8 33. Rd2 Rc7 34. Kf2 h5 35. Kf3 Kf6 36. a3 g5 37. Nd7+ Ke6 38. Ne5 f6 39. Nd3 g4+ 40. Kf2 Rc3 41. a4 a5 42. Nb2 Ra3 43. Re2+ Kd5 44. Rd2+ Kc5 45. Nd3+ Kc4 46. Nb2+ Kc3 47. Rd5 Kxb2 48. Rxf5 Rxa4 49. Rxf6 Rb4 50. Ra6 a4 51. f5 a3 52. f6 a2 53. f7 Rb8 54. Rb6+ Rxb6 55. f8Q a1Q 56. Qh8+ Ka2 57. Qg8+ Rb3 58. Qa8+ Kb2 59. Qh8+ Rc3 60. Qb8+ 0-1

[Event "EU-ch Blitz (Women)"]
[Site "Monaco"]
[Date "2024.01.12"]
[Round "13"]
[White "Daulyte Cornette, Deimante"]
[Black "Hejazipour, Mitra"]
[Result "0-1"]
[WhiteElo "2372"]
[BlackElo "2356"]
[PlyCount "156"]
[EventDate "2024.01.12"]
[EventType "swiss (blitz)"]
[EventRounds "13"]
[EventCountry "MNC"]
[SourceTitle "CB03_2024"]
[SourceDate "2024.01.17"]
[SourceVersion "1"]
[SourceVersionDate "2024.01.17"]
[SourceQuality "1"]

1. e4 c5 2. Nc3 e6 3. Nge2 Nc6 4. d4 cxd4 5. Nxd4 Qc7 6. Be3 a6 7. Nxc6 bxc6 8. Bd3 d5 9. exd5 cxd5 10. 0-0 Nf6 11. Re1 Bd6 12. h3 0-0 13. Bg5 Be5 14. Qf3 Bb7 15. Qe3 Nd7 16. Qe2 Bxc3 17. bxc3 Qxc3 18. Rab1 Bc6 19. Rb3 Qd4 20. c3 Qa7 21. Bc2 Ba4 22. Bxh7+ Kxh7 23. Qh5+ Kg8 24. Rb4 f6 25. Be3 Qc7 26. Rxa4 Qxc3 27. Rc1 Qd3 28. Rh4 Rac8 29. Rd1 Qc2 30. Rd2 Qb1+ 31. Kh2 Ne5 32. Bf4 Qg6 33. Bxe5 Qxh5 34. Rxh5 fxe5 35. Rxe5 Rc6 36. Kg3 Kf7 37. f4 Rfc8 38. Kf3 Rc3+ 39. Re3 Rc2 40. Rde2 Rxe2 41. Rxe2 Rc3+ 42. Kf2 Kf6 43. Rb2 Kf5 44. g3 Ra3 45. Re2 Rc3 46. Re5+ Kf6 47. Re2 a5 48. Kg2 a4 49. g4 a3 50. Kf2 Rd3 51. h4 Rh3 52. h5 Rh2+ 53. Ke3 Rh3+ 54. Kd2 Rf3 55. g5+ Kf7 56. h6 gxh6 57. gxh6 Rxf4 58. Rh2 Kg8 59. h7+ Kh8 60. Rh6 Re4 61. Kc3 e5 62. Rd6 Rd4 63. Re6 Re4 64. Kb3 Re3+ 65. Kb4 Kxh7 66. Kc5 d4 67. Kc4 Kg7 68. Rd6 Kf7 69. Rh6 Rc3+ 70. Kd5 Re3 71. Kc4 Re2 72. Kb3 d3 73. Kxa3 d2 74. Rd6 e4 75. Kb3 e3 76. Kc2 Re1 77. a4 Rc1+ 78. Kb2 d1Q 0-1

[Event "EU-chT (Women) 24th"]
[Site "Budva"]
[Date "2023.11.15"]
[Round "5.1"]
[White "Mkrtchian, Lilit"]
[Black "Daulyte Cornette, Deimante"]
[Result "1/2-1/2"]
[WhiteElo "2387"]
[BlackElo "2369"]
[PlyCount "72"]
[EventDate "2023.11.11"]
[EventType "team-swiss"]
[EventRounds "9"]
[EventCountry "MNE"]
[SourceTitle "CB47_2023"]
[SourceDate "2023.11.22"]
[SourceVersion "1"]
[SourceVersionDate "2023.11.22"]
[SourceQuality "1"]
[WhiteTeam "Armenia (W)"]
[BlackTeam "France (W)"]
[WhiteTeamCountry "ARM"]
[BlackTeamCountry "FRA"]

1. Nf3 Nf6 2. c4 c5 3. Nc3 e6 4. g3 d5 5. cxd5 exd5 6. d4 Nc6 7. a3 c4 8. Bg5 Be7 9. Bg2 h6 10. Bxf6 Bxf6 11. 0-0 0-0 12. h3 Be6 13. e3 Rb8 14. Nh2 Qd7 15. g4 Bd8 16. e4 Ne7 17. e5 f5 18. exf6 Rxf6 19. Nf3 b5 20. Ne5 Qd6 21. f4 Bc7 22. f5 Bf7 23. Rf3 Nc6 24. Nxc6 Qxc6 25. Qd2 Qd6 26. Kf2 b4 27. axb4 Qxb4 28. Rxa7 Qxb2 29. Qxb2 Rxb2+ 30. Kf1 Bb6 31. Ra8+ Kh7 32. Rf4 g5 33. fxg6+ Kxg6 34. Rxf6+ Kxf6 35. Bxd5 Bxd4 36. Ne4+ Ke5 1/2-1/2

[Event "EU-chT (Women) 24th"]
[Site "Budva"]
[Date "2023.11.13"]
[Round "3.2"]
[White "Daulyte Cornette, Deimante"]
[Black "Garcia Martin, Marta"]
[Result "1-0"]
[WhiteElo "2369"]
[BlackElo "2350"]
[PlyCount "71"]
[EventDate "2023.11.11"]
[EventType "team-swiss"]
[EventRounds "9"]
[EventCountry "MNE"]
[SourceTitle "CB47_2023"]
[SourceDate "2023.11.22"]
[SourceVersion "1"]
[SourceVersionDate "2023.11.22"]
[SourceQuality "1"]
[WhiteTeam "France (W)"]
[BlackTeam "Spain (W)"]
[WhiteTeamCountry "FRA"]
[BlackTeamCountry "ESP"]

1. e4 e5 2. Nf3 Nc6 3. Bc4 Nf6 4. d3 Bc5 5. c3 d6 6. 0-0 a6 7. Re1 Ba7 8. Nbd2 Na5 9. Bb3 Nxb3 10. axb3 0-0 11. h3 Re8 12. Nf1 h6 13. Ng3 c6 14. Bd2 d5 15. Qc2 dxe4 16. dxe4 Qc7 17. Nh4 Be6 18. b4 c5 19. Qc1 Kh7 20. Nhf5 g6 21. Nxh6 cxb4 22. Bg5 Nd7 23. Be3 Bxe3 24. Qxe3 Qc5 25. Qd2 bxc3 26. bxc3 Rad8 27. Nhf5 Qf8 28. Ne3 Nc5 29. Qe2 Rd3 30. c4 Rd4 31. Nd5 Bxd5 32. exd5 b5 33. cxb5 axb5 34. Qxb5 Rxd5 35. Ne4 f5 36. Qxe8 1-0

[Event "EU-Cup (Women) 27th"]
[Site "Durres"]
[Date "2023.10.07"]
[Round "7.3"]
[White "Mkrtchian, Lilit"]
[Black "Daulyte Cornette, Deimante"]
[Result "0-1"]
[WhiteElo "2389"]
[BlackElo "2360"]
[PlyCount "72"]
[EventDate "2023.10.01"]
[EventType "team-swiss"]
[EventRounds "7"]
[EventCountry "ALB"]
[SourceTitle "EXT 2024"]
[Source "ChessBase"]
[SourceDate "2023.10.10"]
[SourceVersion "1"]
[SourceVersionDate "2023.10.10"]
[SourceQuality "1"]
[WhiteTeam "Crvena Zvezda (W)"]
[BlackTeam "Gaz Ukraine (W)"]
[WhiteTeamCountry "SRB"]
[BlackTeamCountry "UKR"]

1. Nf3 Nf6 2. g3 c5 3. c4 Nc6 4. Bg2 d5 5. cxd5 Nxd5 6. 0-0 e5 7. Nc3 Be6 8. d3 Be7 9. Bd2 0-0 10. Nxd5 Bxd5 11. Bc3 Qc7 12. a4 b6 13. Nd2 Bxg2 14. Kxg2 Rad8 15. f3 a6 16. Qb3 Rb8 17. Nc4 b5 18. axb5 axb5 19. Ne3 Nd4 20. Bxd4 exd4 21. Nd5 Qd7 22. Rfe1 Rfd8 23. Nxe7+ Qxe7 24. Ra5 c4 25. Qc2 c3 26. bxc3 Qc7 27. Rea1 dxc3 28. Ra7 Qe5 29. R1a5 h5 30. Qa2 Qe8 31. Rc7 b4 32. Rf5 Rd7 33. Rxd7 Qxd7 34. Rd5 Qc6 35. Rf5 b3 36. Qa7 Qb7 0-1

[Event "EU-Cup (Women) 27th"]
[Site "Durres"]
[Date "2023.10.05"]
[Round "5.3"]
[White "Unuk, Laura"]
[Black "Daulyte Cornette, Deimante"]
[Result "0-1"]
[WhiteElo "2313"]
[BlackElo "2360"]
[PlyCount "108"]
[EventDate "2023.10.01"]
[EventType "team-swiss"]
[EventRounds "7"]
[EventCountry "ALB"]
[SourceTitle "EXT 2024"]
[Source "ChessBase"]
[SourceDate "2023.10.10"]
[SourceVersion "1"]
[SourceVersionDate "2023.10.10"]
[SourceQuality "1"]
[WhiteTeam "Ljubljana Tajfun (W)"]
[BlackTeam "Gaz Ukraine (W)"]
[WhiteTeamCountry "SLO"]
[BlackTeamCountry "UKR"]

1. d4 Nf6 2. c4 e6 3. Nf3 d5 4. g3 Be7 5. Bg2 0-0 6. 0-0 a5 7. Nc3 c6 8. Ne5 Nbd7 9. e4 Nxe5 10. dxe5 Nd7 11. exd5 exd5 12. cxd5 Nxe5 13. Bf4 Ng6 14. Be3 cxd5 15. Nxd5 Be6 16. Rc1 Rc8 17. Rxc8 Qxc8 18. Qa4 Bd8 19. Nb6 Bxb6 20. Bxb6 Bh3 21. Bxa5 Bxg2 22. Kxg2 Qa8 23. f3 b6 24. b4 bxa5 25. b5 Ne5 26. Qd4 Re8 27. a4 h6 28. Qc3 Nd7 29. Rf2 Nb6 30. Qd4 Nd5 31. Rd2 Ne3+ 32. Kf2 Nf5 33. Qc5 g6 34. b6 Rc8 35. Qb5 Qb7 36. Qxa5 Qe7 37. Re2 Qd7 38. Qb4 Qb7 39. a5 Rd8 40. Qe4 Qa6 41. Qe5 Nd6 42. Qf6 Nb7 43. Re7 Qc4 44. Kg2 Nxa5 45. Kh3 Nc6 46. Rc7 Qf1+ 47. Kg4 Rd4+ 48. f4 Qd1+ 49. Kh3 Nd8 50. b7 Qh5+ 51. Qh4 Qb5 52. Qf6 Rd2 53. Qe5 Qf1+ 54. Kg4 f5+ 0-1

[Event "EU-Cup (Women) 27th"]
[Site "Durres"]
[Date "2023.10.01"]
[Round "1.3"]
[White "Daulyte Cornette, Deimante"]
[Black "Djukic, Sandra"]
[Result "1-0"]
[WhiteElo "2360"]
[BlackElo "2121"]
[PlyCount "65"]
[EventDate "2023.10.01"]
[EventType "team-swiss"]
[EventRounds "7"]
[EventCountry "ALB"]
[SourceTitle "EXT 2024"]
[Source "ChessBase"]
[SourceDate "2023.10.10"]
[SourceVersion "1"]
[SourceVersionDate "2023.10.10"]
[SourceQuality "1"]
[WhiteTeam "Gaz Ukraine (W)"]
[BlackTeam "Kumanovo (W)"]
[WhiteTeamCountry "UKR"]
[BlackTeamCountry "MKD"]

1. e4 c6 2. Nc3 d5 3. Nf3 Bg4 4. h3 Bxf3 5. Qxf3 e6 6. Be2 Nd7 7. d4 dxe4 8. Nxe4 Ngf6 9. 0-0 Nxe4 10. Qxe4 Nf6 11. Qd3 Qc7 12. c4 Be7 13. b3 0-0 14. Bb2 Rfd8 15. Qe3 Rd7 16. Bf3 Qa5 17. a3 Rad8 18. Rfe1 a6 19. Rad1 h6 20. Qc1 Qb6 21. Qc2 Qc7 22. g3 a5 23. Kg2 Ne8 24. Re3 Nd6 25. Qe2 Nf5 26. Rxe6 Nh4+ 27. gxh4 fxe6 28. Qxe6+ Kh8 29. d5 Qd6 30. Qg4 Bf6 31. dxc6 bxc6 32. Rxd6 Rxd6 33. c5 1-0

[Event "WchT (Women) Pool-A"]
[Site "Bydgoszcz"]
[Date "2023.09.07"]
[Round "3.1"]
[White "Assaubayeva, Bibissara"]
[Black "Daulyte Cornette, Deimante"]
[Result "1/2-1/2"]
[WhiteElo "2469"]
[BlackElo "2360"]
[PlyCount "81"]
[EventDate "2023.09.06"]
[EventType "team (rapid)"]
[EventRounds "5"]
[EventCountry "POL"]
[SourceTitle "EXT 2024"]
[Source "ChessBase"]
[SourceDate "2023.10.10"]
[SourceVersion "1"]
[SourceVersionDate "2023.10.10"]
[SourceQuality "1"]
[WhiteTeam "Kazakhstan (W)"]
[BlackTeam "France (W)"]
[WhiteTeamCountry "KAZ"]
[BlackTeamCountry "FRA"]

1. c4 c5 2. Nf3 Nf6 3. Nc3 e6 4. e4 d5 5. cxd5 exd5 6. e5 d4 7. exf6 dxc3 8. Bb5+ Nc6 9. Qe2+ Be6 10. dxc3 Qxf6 11. Bg5 Qf5 12. Rd1 Be7 13. Bxc6+ bxc6 14. Bxe7 Kxe7 15. Ne5 Rhe8 16. 0-0 Kf8 17. Qe3 Bxa2 18. Qxc5+ Kg8 19. Nd3 Qxc5 20. Nxc5 Re2 21. b3 Re5 22. b4 a5 23. f4 Ree8 24. Ra1 axb4 25. cxb4 Bd5 26. Kf2 h5 27. g3 Reb8 28. Rxa8 Rxa8 29. Ke3 Re8+ 30. Kd3 f6 31. Ra1 Rb8 32. Kc3 Re8 33. Kd4 Rb8 34. Nd3 Rd8 35. Ra7 Bf7+ 36. Kc3 Re8 37. Kd2 Rd8 38. Kc3 Re8 39. Kd2 Rd8 40. Kc3 Re8 41. Kd4 1/2-1/2

[Event "FRA-ch (Women)"]
[Site "L'Alpe d'Huez"]
[Date "2023.08.25"]
[Round "4.1"]
[White "Hejazipour, Mitra"]
[Black "Daulyte Cornette, Deimante"]
[Result "1/2-1/2"]
[WhiteElo "2289"]
[BlackElo "2348"]
[PlyCount "152"]
[EventDate "2023.08.18"]
[EventType "k.o."]
[EventRounds "4"]
[EventCountry "FRA"]
[SourceTitle "EXT 2024"]
[Source "ChessBase"]
[SourceDate "2023.10.10"]
[SourceVersion "1"]
[SourceVersionDate "2023.10.10"]
[SourceQuality "1"]

1. Nf3 Nf6 2. c4 c5 3. e3 e6 4. Nc3 d5 5. cxd5 exd5 6. Bb5+ Bd7 7. Bxd7+ Nbxd7 8. Qb3 Nb6 9. a4 Be7 10. a5 Nc4 11. Qb5+ Kf8 12. d3 a6 13. Qxb7 Nd6 14. Qc6 Qc8 15. Qxc8+ Rxc8 16. 0-0 Bd8 17. Bd2 c4 18. Na4 cxd3 19. Bb4 Be7 20. Nb6 Rc2 21. Nd4 Rc7 22. Rfd1 Nc4 23. Bxe7+ Kxe7 24. Nf5+ Ke6 25. Nxg7+ Ke5 26. Rxd3 Nxb2 27. Rd4 Rg8 28. f4+ Kd6 29. Nf5+ Ke6 30. Nh6 Rd8 31. Re1 Rd6 32. g4 Rc5 33. g5 Ne4 34. Nxd5 Nxg5 35. f5+ Kd7 36. Nf6+ Kc6 37. Rxd6+ Kxd6 38. Nxf7+ Nxf7 39. Ne4+ Kd5 40. Nxc5 Kxc5 41. Rb1 Nc4 42. Rb7 Ncd6 43. Rb6 Nxf5 44. Kf2 Ne5 45. Rxa6 Ng4+ 46. Kf3 Nxh2+ 47. Kf4 Ne7 48. e4 Nf1 49. Ra8 Ng6+ 50. Kg5 Nd2 51. Kf5 Nc4 52. a6 Kb6 53. Kf6 Nce5 54. a7 Kb7 55. Rg8 Kxa7 56. Rg7+ Kb6 57. Rxh7 Kc6 58. Rh1 Kd7 59. Rd1+ Ke8 60. Ra1 Kd7 61. Rc1 Nd3 62. Rc4 Ngf4 63. Rd4+ Kc6 64. Kf5 Kc5 65. Rd8 Kc4 66. Ra8 Ne2 67. Rc8+ Kd4 68. Rd8+ Kc4 69. Rg8 Nd4+ 70. Kf6 Nf3 71. Rd8 Nfe5 72. Rc8+ Kd4 73. Kf5 Nf3 74. Rd8+ Ke3 75. Rd5 Nd4+ 76. Rxd4 Kxd4 1/2-1/2

[Event "FIDE World Cup (Women)"]
[Site "Baku"]
[Date "2023.07.30"]
[Round "1.1"]
[White "Daulyte Cornette, Deimante"]
[Black "Toncheva, Nadya"]
[Result "1-0"]
[WhiteElo "2348"]
[BlackElo "2263"]
[PlyCount "47"]
[EventDate "2023.07.30"]
[EventType "k.o."]
[EventRounds "7"]
[EventCountry "AZE"]
[SourceTitle "EXT 2024"]
[Source "ChessBase"]
[SourceDate "2023.10.10"]
[SourceVersion "1"]
[SourceVersionDate "2023.10.10"]
[SourceQuality "1"]

1. e4 c5 2. Nf3 e6 3. c3 Nf6 4. e5 Nd5 5. d4 cxd4 6. cxd4 d6 7. Bc4 Nb6 8. Bd3 dxe5 9. dxe5 Bb4+ 10. Nc3 Nd5 11. 0-0 Nxc3 12. bxc3 Bxc3 13. Rb1 Nc6 14. Qc2 Bxe5 15. Nxe5 Nxe5 16. Rd1 Nxd3 17. Rxd3 Qa5 18. Bd2 Qa6 19. Bb4 Qb5 20. a4 Qg5 21. Rbd1 e5 22. Qc5 f5 23. Rd8+ Kf7 24. Rxh8 1-0

[Event "FRA-chT Top 16 Gp Haute"]
[Site "Chartres"]
[Date "2023.06.10"]
[Round "3.2"]
[White "Guichard, Pauline"]
[Black "Daulyte Cornette, Deimante"]
[Result "1/2-1/2"]
[WhiteElo "2395"]
[BlackElo "2354"]
[PlyCount "73"]
[EventDate "2023.06.08"]
[EventType "team-tourn"]
[EventRounds "4"]
[EventCountry "FRA"]
[SourceTitle "CBM 214 Extra"]
[Source "ChessBase"]
[SourceDate "2023.07.31"]
[SourceVersion "1"]
[SourceVersionDate "2023.07.31"]
[SourceQuality "1"]
[WhiteTeam "Asnieres"]
[BlackTeam "Chartres"]
[WhiteTeamCountry "FRA"]
[BlackTeamCountry "FRA"]

1. d4 Nf6 2. c4 e6 3. Nc3 Bb4 4. Bd2 0-0 5. Nf3 d5 6. e3 Nbd7 7. Rc1 c6 8. Bd3 dxc4 9. Bxc4 Qe7 10. 0-0 e5 11. h3 e4 12. Ne5 Nxe5 13. dxe5 Qxe5 14. Nxe4 Rd8 15. Qc2 Nxe4 16. Bxb4 a5 17. f4 Qe8 18. Be1 Bf5 19. Qe2 Be6 20. Kh2 b5 21. Bd3 Bxa2 22. Ra1 Rxd3 23. Rxa2 Nc5 24. Qc2 Rd5 25. Rxa5 Rad8 26. b4 Nd3 27. Ra6 Qxe3 28. Qxc6 h6 29. Ra8 Kh7 30. Rxd8 Rxd8 31. Bh4 Rd4 32. Qxb5 Rxf4 33. Rxf4 Qxf4+ 34. Bg3 Qe4 35. Qd7 Nxb4 36. Qxf7 Nd5 37. Qf3 1/2-1/2

[Event "FRA-chT Top 16 Gp Haute"]
[Site "Chartres"]
[Date "2023.06.08"]
[Round "1.2"]
[White "Navrotescu, Andreea Cristiana"]
[Black "Daulyte Cornette, Deimante"]
[Result "1/2-1/2"]
[WhiteElo "2194"]
[BlackElo "2354"]
[PlyCount "31"]
[EventDate "2023.06.08"]
[EventType "team-tourn"]
[EventRounds "4"]
[EventCountry "FRA"]
[SourceTitle "CBM 214 Extra"]
[Source "ChessBase"]
[SourceDate "2023.07.31"]
[SourceVersion "1"]
[SourceVersionDate "2023.07.31"]
[SourceQuality "1"]
[WhiteTeam "Mulhouse Philidor"]
[BlackTeam "Chartres"]
[WhiteTeamCountry "FRA"]
[BlackTeamCountry "FRA"]

1. d4 d5 2. c4 e6 3. Nc3 Nf6 4. Nf3 a6 5. cxd5 exd5 6. Bf4 Bd6 7. e3 Bxf4 8. exf4 Bg4 9. Qe2+ Kf8 10. h3 Bxf3 11. Qxf3 Nc6 12. 0-0-0 Qd6 13. g3 Ne4 14. Bg2 Nxc3 15. Qxc3 Rd8 16. Qc5 1/2-1/2

[Event "EU-ch (Women) 23rd"]
[Site "Petrovac"]
[Date "2023.03.28"]
[Round "10"]
[White "Daulyte Cornette, Deimante"]
[Black "Narva, Mai"]
[Result "1-0"]
[WhiteElo "2344"]
[BlackElo "2389"]
[PlyCount "61"]
[EventDate "2023.03.18"]
[EventType "swiss"]
[EventRounds "11"]
[EventCountry "MNE"]
[SourceTitle "CBM 213 Extra"]
[Source "ChessBase"]
[SourceDate "2023.05.31"]
[SourceVersion "1"]
[SourceVersionDate "2023.05.31"]
[SourceQuality "1"]

1. e4 c5 2. Nf3 Nc6 3. Bb5 g6 4. 0-0 Bg7 5. d3 e5 6. a3 Nge7 7. b4 d6 8. bxc5 dxc5 9. Bg5 f6 10. Be3 Qd6 11. Bc4 b6 12. Nc3 a6 13. a4 Nd4 14. Bxd4 cxd4 15. Nd5 Rb8 16. c3 b5 17. axb5 axb5 18. Ra7 Bd7 19. Bxb5 Rxb5 20. Nc7+ Kd8 21. Nxb5 Bxb5 22. cxd4 Qb6 23. Qa1 Bxd3 24. Rd1 Be2 25. Rb1 Qd6 26. dxe5 fxe5 27. Ng5 Rf8 28. Qa5+ Ke8 29. Qa4+ Kd8 30. Rb8+ Nc8 31. Qa5+ 1-0